| 000 | 00826nam a22002297a 4500 | ||
|---|---|---|---|
| 999 |
_c13770 _d13770 |
||
| 003 | AR-CdUCM | ||
| 008 | 190329b ||||| |||| 00| 0 spa d | ||
| 020 | _a84-316-6344-8 | ||
| 040 |
_aMUNICIPALIDAD PROVINCIAL DEL CUSCO _cBIBLIOTECA MUNICIPAL DEL CUSCO |
||
| 082 |
_aES / 803 / _bP46 |
||
| 100 |
_aPerrault, Charles. _924950 |
||
| 245 | _aRiquete el del copete / | ||
| 260 |
_aEspaña : _bVicens Vives, ; _c2001. |
||
| 300 |
_a63 páginas ; _bIlustraciones _c22 cm |
||
| 440 |
_aCucaña _n18 _932315 |
||
| 500 | _aColección dirigida por Francisco Antón. | ||
| 505 | _aContenido:El príncipe feo -- La bella y la bestia -- La princesa Dora no es feliz -- Un feliz encuentro -- La princesa perfecta ... | ||
| 650 |
_aHistorietas _910786 |
||
| 650 |
_aCuentos _9217 |
||
| 942 |
_2ddc _cLIBROS |
||
| 945 |
_arum _d2019-04-16 |
||